| 000 | 00755nam a22002297a 4500 | ||
|---|---|---|---|
| 005 | 20170124110215.0 | ||
| 010 | _aA-464071 | ||
| 020 | _c00.00 | ||
| 035 | _aA-464071 | ||
| 037 | _bCen Lib/Ret | ||
| 040 |
_aDPL _bEN |
||
| 082 |
_a920 _2GIR |
||
| 100 |
_aGirja Kumar _91102 |
||
| 245 |
_aRanganathan, Dewey and C.V. Raman : _cby Girja Kumar _ba study in the arrogance of intellectual power / |
||
| 260 |
_aNew Delhi _bVikas Publishing House _c1991 |
||
| 270 |
_a576 Masjid Road, Jangpura _bNew Delhi _e110014 |
||
| 300 |
_a147p. _c20cm(Hb) |
||
| 500 | _aIncludes bibliographical references and index | ||
| 650 |
_aDewey, Melvil, -- 1851-1931 _938896 |
||
| 650 |
_aRaman, C. V., -- 1888-1970 _938897 |
||
| 942 |
_2ddc _cEN _h920 _mGIR |
||
| 999 |
_c133780 _d133780 |
||